01186nam a2200205 a 4500008004100000020001800041050001600059110006300075245013400138260004100272300001900313350000900332650002500341650002500366995015400391995015400545999001700699952013200716952013200848150825s2005 ||||||||||||||||| || u a9781844793815 aHF 5681 Cha aThe Chartered Institute of Public Finance and Accountancy 10aFinancial and performance reporting : study guide and question bankcby the Chartered Institute of Public Finance and Accountancy aLondonbPearson Education, Incc2005 axx, 337p. :ill a1.00 aACCOUNTING STANDARDS 0aFINANCIAL STATEMENTS aMAIN LIBRARY OPEN ACCESSe745639FCBU-MAIN LIBRARY (Kitwe)I1.00jHF 5681 ChaM2UAVAILABLEWSep 8, 2015y745639ZMain Library Open Access Collection aMAIN LIBRARY OPEN ACCESSe745640FCBU-MAIN LIBRARY (Kitwe)I1.00jHF 5681 ChaM2UAVAILABLEWSep 8, 2015y745640ZMain Library Open Access Collection c63082d63082 00102lcc4070a001b001cMain Library Open Access Collectiond2022-12-24l0oHF 5681 Chap745639r2022-12-24w2022-12-24y002 00102lcc4070a001b001cMain Library Open Access Collectiond2022-12-24l0oHF 5681 Chap745640r2022-12-24w2022-12-24y002